000 00902nam a2200265 a 4500
001 42982
003 BD-RjUL
005 20211209053627.0
008 160618s1980 nyu 001 0 eng
035 _a(BD-RjUL)43100
040 _aDLC
_cDLC
_dDLC
_dBD-RjUL
_beng
041 1 _aengfre
082 0 0 _a330.015195
_223
_bMAS 1970
100 1 _aMalinvaud, Edmond.
_9131977
245 1 0 _aStatistical methods of econometrics /
_cby E. Malinvaud ; translation by A. Silvey.
250 _a2nd rev. ed.
260 _bNorth-Holland Pub. Co ;
_aNew York :
_bAmerican Elsevier Pub. Co.,
_c 1970 [printing 1978]
300 _axv, 744 pages :
_bill ;
_c23 cm.
350 _afl54.00
504 _aIncludes Bibliography: (p. 725-738) and index
650 0 _aEconometrics.
_9131978
942 _2ddc
_cBK
999 _c42982
_d42982